| 000 | 00408nam a22001697a 4500 | ||
|---|---|---|---|
| 005 | 20160611103741.0 | ||
| 008 | 160611b xxu||||| |||| 00| 0 eng d | ||
| 020 | _a9788185989365 | ||
| 041 | _aeng | ||
| 082 | _b6788 | ||
| 100 |
_aSinha, K.K. _9450 |
||
| 245 | _aBusiness Communication | ||
| 260 |
_aNew Delhi _bGalgotia Publ. Pvt. Ltd. _c1999 |
||
| 300 | _a647 | ||
| 650 |
_aManagement _9241 |
||
| 942 | _cBK | ||
| 999 |
_c2373 _d2372 |
||